|
|
|
|
| LEADER |
00000nam a2200000 a 4500 |
| 001 |
vtls008990182 |
| 003 |
SK-MaSNL |
| 005 |
20260301140413.0 |
| 008 |
240314s2007 xo l f 001 0 eng |
| 015 |
|
|
|a SNBA2007/06-02516
|
| 020 |
|
|
|a 9788071670988
|q (brož.)
|
| 035 |
|
|
|a urn:nbn:sk:snk-am00cui8
|
| 035 |
|
|
|a urn:nbn:sk:snk-am3hp5a
|
| 035 |
|
|
|a 3FA8E597-2CC4-487F-B37E-1994B7878559
|
| 040 |
|
|
|a SNK
|b slo
|c SNK
|e AACR2
|
| 041 |
0 |
|
|a eng
|
| 044 |
|
|
|a xo
|c SK
|
| 072 |
|
7 |
|a 53
|x Fyzika
|2 konspekt
|
| 072 |
|
7 |
|a 007
|x Teória systémov. Automatické systémy. Kybernetika. Informačné systémy
|2 konspekt
|
| 080 |
|
|
|a 007+004
|2 2001
|
| 080 |
|
|
|a (048.8)
|2 2001
|
| 080 |
|
|
|a 53
|2 2001
|
| 100 |
1 |
|
|a Kukurová, Elena,
|d 1942-2013
|4 aut
|9 257825
|
| 245 |
1 |
0 |
|a "Mind maps" of basics of physics informatics
|c Elena Kukurová, Michal Weis
|
| 250 |
|
|
|a [1st ed.]
|
| 260 |
|
|
|a Bratislava
|b Asklepios
|c 2007
|
| 300 |
|
|
|a 119 s.
|b sch., tab.
|c 15x21 cm
|
| 500 |
|
|
|a Ilustr. na tit. strane
|
| 504 |
|
|
|a Bibliogr. s. 119. Reg. Zoz. použ. symbolov
|
| 650 |
0 |
7 |
|a fyzika
|2 SNKPH
|9 816
|
| 650 |
0 |
7 |
|a informatika
|2 SNKPH
|9 1124
|
| 650 |
0 |
7 |
|a Physics
|2 SNKPHeng
|9 266045
|
| 650 |
0 |
7 |
|a Informatics
|2 SNKPHeng
|9 267334
|
| 655 |
|
7 |
|a monografie
|2 SNKPHeng
|9 70139
|
| 655 |
|
7 |
|a Monographs
|2 SNKPHeng
|9 120675
|
| 700 |
1 |
|
|a Weis, Michal
|4 aut
|9 314061
|
| 919 |
|
|
|a 978-80-7167-098-8
|
| 958 |
|
|
|a NB
|
| 968 |
|
|
|d 0
|
| 999 |
|
|
|c 763550
|d 765480
|
| 952 |
|
|
|a SNK
|b SNK
|y PREZ
|7 0
|p 17A0551936
|o snkSE 11405
|i snk2007/12852
|8 0
|0 0
|1 0
|4 0
|d 2007-05-17
|f 1
|l 0
|r 2026-02-24 00:11:30
|w 2026-02-24
|
| 952 |
|
|
|a SNK
|b SNK
|y VYP
|7 0
|p 17A0551935
|o snkSE 11405 D1
|i snk2007/12855
|8 0
|0 0
|1 0
|4 0
|d 2007-05-17
|l 0
|r 2026-02-24 00:11:30
|w 2026-02-24
|